Top 10 Countries with the Most Airports - Statistics

General Stats
  • This quiz has been taken 69 times
  • The average score is 8 of 10
Answer Stats
Amount of Airports Answer % Correct
13,513 United States of America
100%
1,218 Russia
97%
4,093 Brazil
94%
1,467 Canada
92%
1,138 Argentina
86%
1,714 Mexico
80%
836 Colombia
72%
673 Indonesia
63%
855 Bolivia
48%
799 Paraguay
45%
No matching quizzes found
Score Distribution
Percent of People with Each Score
Percentile by Number Answered
Your Score History
You have not taken this quiz